Sports Quiz

Random Sports or Automobiles Quiz

Current Formula 1 Drivers 2014 Quiz Stats

 Plays Quiz not verified by Sporcle

Challenge
Share
Tweet
Embed
Score 0/22 Timer 05:00
0 Plays Today
Car numbers Driver % Correct
5Sebastian Vettel
98.5%
22Jenson Button
97.7%
44Lewis Hamilton
97.7%
14Fernando Alonso
96.9%
3Daniel Ricciardo
93.8%
7Kimi Raikkonen
93.8%
6Nico Rosberg
93.8%
20Kevin Magnussen
92.3%
13Pastor Maldonado
88.5%
19Felipe Massa
88.3%
8Romain Grosjean
87.7%
Car numbers Driver % Correct
11Sergio Perez
86.9%
77Valtteri Bottas
86.5%
27Nico Hulkenberg
83.1%
99Adrian Sutil
82.3%
4Max Chilton
81.5%
26Daniil Kvyat
76.9%
25John-Eric Vergne
75.4%
10Kamui Kobayashi
74.6%
17Jules Bianchi
72.3%
21Esteban Gutierrez
70%
9Marcus Ericcson
56.9%

You're not logged in!

Compare scores with friends on all Sporcle quizzes.
Join for Free
OR
Log In

You Might Also Like...

Show Comments

Extras

Top Quizzes Today


Score Distribution

Your Account Isn't Verified!

In order to create a playlist on Sporcle, you need to verify the email address you used during registration. Go to your Sporcle Settings to finish the process.

Report this User

Report this user for behavior that violates our Community Guidelines.

Details: